| 000 | 00622nac a22001931u 4500 | ||
|---|---|---|---|
| 008 | 160926b xxu||||| |||| 00| 0 eng d | ||
| 020 | _a0070466173 | ||
| 082 |
_a620.112 _bN248 |
||
| 100 | _aNash, William A. | ||
| 245 | _aSchaum’s outline of theory and problems of strength of materials | ||
| 250 | _a4th ed. | ||
| 260 |
_aNew York _bMcGraw-Hill _c1998 |
||
| 300 | _a474 p. | ||
| 440 | _aSchaum’s outline series | ||
| 650 |
_aStrength of materials _xProblems, exercises, etc _2BUEsh |
||
| 650 |
_aStrength of materials _xOutlines, syllabi, etc _2BUEsh |
||
| 651 | _2BUEsh | ||
| 942 |
_cBB _k620.112N248 _2ddc |
||
| 999 |
_c121 _d121 |
||